000
00218nam a22000857a 4500
008
170112b xxu||||| |||| 00| 0 eng d
100
_9
2352
_a
Wadhavan.V.etal.
245
_a
Computer Class-3
260
_a
New Delhi
_b
Rachna
_c
2010
999
_c
5301
_d
5301